| 000 | 00000nam##2200000za#4500 |
| 001 | 9.557706 |
| 003 | CaOODSP |
| 005 | 20210624172025 |
| 007 | cr ||||||||||| |
| 008 | 150406|1992||||xxc|||||o f|0| 0 eng|d |
| 040 | |aCaOODSP|beng |
| 043 | |an-cn--- |
| 086 | 1 |aNH18-22/92-200E-IN |
| 110 | 2 |aCanada Mortgage and Housing Corporation. |
| 245 | 10|aInvestigating, diagnosing and treating your damp basement |h[electronic resource] |
| 260 | |aOttawa - Ontario : |bCanada Mortgage and Housing Corporation |
| 300 | |a2p. (268 KB) |
| 490 | 1 |aResearch and development highlights; technical series |v92-200 |
| 590 | |a01-12|b2001-03-23 |
| 690 | 07|aHome renovations|2gcpds |
| 775 | 08|tInspection, diagnostic et traitement d'un sous-sol humide / |w(CaOODSP)9.607616 |
| 830 | #0|aResearch and development highlights; technical series ;|v92-200|w(CaOODSP)9.504481 |
| 856 | 40|ahttp://publications.gc.ca|qPDF|s268 KB|uhttps://publications.gc.ca/collections/Collection/NH18-22-92-200E.pdf|y92-200 |